| 000 | 00985pam a2200277 a 4500 | ||
|---|---|---|---|
| 001 | 1580139 | ||
| 005 | 20231130061930.0 | ||
| 008 | 930913s1994 ii a b 101 0 eng | ||
| 020 | _a8170363721 (India : hbk.) | ||
| 020 | _a817036373X (India : pbk.) | ||
| 020 | _a0803991452 (U.S. : hbk.) | ||
| 020 | _a0803991460 (U.S. : pbk.) | ||
| 040 |
_aDLC _cDLC _dDLC |
||
| 082 | 0 | 0 |
_a305.42 _220 |
| 245 | 0 | 0 |
_aCapturing complexity : _ban interdisciplinary look at women, households, and development / _cedited by Romy Borooah |
| 260 |
_aNew Delhi ; _aThousand Oaks : _bSage Publications, _c1994. |
||
| 300 | _a324 p. : | ||
| 500 | _aThis book is an outcome of a workshop held in Illinois in July 1988. | ||
| 650 | 0 | _aWomen in development | |
| 650 | 0 | _aHouseholds | |
| 650 | 0 | _aWomen | |
| 700 | 1 |
_aBorooah, Romy. _eedt |
|
| 856 | 4 | 2 | _uhttp://www.loc.gov/catdir/enhancements/fy0657/93034794-d.html |
| 856 | 4 | 1 | _uhttp://www.loc.gov/catdir/enhancements/fy0657/93034794-t.html |
| 942 | _cL | ||
| 999 |
_c107 _d107 |
||